000
00277nam a2200109 4500
082
_a
954.91BAR
100
_a
Bareecho, Mushtaque Masroor
245
_a
Pakistan Jo Ibhyas (Pak Studies, Sindhi)
260
_a
Hyderabad:
_b
Naseem Book Depot.
_c
2002.
300
_a
350p. ;
942
_c
BK
999
_c
5536
_d
5536